00303pab a2200121 454500008004000000100001900040245004100059260000900100300001100109362001200120650001500132773003400147180718b1989 xxu||||| |||| 00| 0 eng d aRamabrahman, I aLiteracy missionsbReceding horizons c1989 a2301-3 a14 Oct. aIlliteracy aEconomic and Political Weekly